| 000 | 01142nam a2200289 4500 | ||
|---|---|---|---|
| 001 | 174609 | ||
| 003 | ES-MaACL | ||
| 005 | 20250831072603.0 | ||
| 008 | 100511s1798 sp p |||| | spa d | ||
| 080 | _a27(460) | ||
| 100 | 1 |
_aFlórez, Enrique, _d1702-1773 _9142679 |
|
| 240 | 1 | 0 | _aEspaña sagrada |
| 245 | 1 | 0 |
_aEspaña sagrada. _nTomo XLI, _pSanta iglesia de Lugo _b: continuación de su historia desde el siglo XII hasta fines del XVIII / _csu autor, Manuel Risco. |
| 260 |
_aEn Madrid : _ben la oficina de la viuda é hijo de Marin, _c1798. |
||
| 300 |
_a[24], 440 p. ; _c20 cm. |
||
| 504 | _aApéndices, p.295-430. | ||
| 504 | _aÍndice de cosas notables del tomo, p.431-440. | ||
| 530 | _aDisponible en formato digital. | ||
| 546 | _aTextos de los apéndices en latín. | ||
| 650 | 7 |
_2embne _aHistoria eclesiástica _913400 |
|
| 651 | 4 |
_aLugo- _xHistoria eclesiástica. _9142794 |
|
| 700 | 0 |
_aRisco, Manuel. _997459 |
|
| 852 | 4 |
_aES-MaACL _jR-1617-69 _x C-16767-818 |
|
| 856 |
_uhttps://archive.org/details/espaasagradathe26palegoog/page/n9 _zInternet Archive |
||
| 942 | _2udc | ||
| 999 |
_c174609 _d174609 |
||